000 00613nam a2200193Ia 4500
005 20250508165522.0
008 008 250505s9999 xx 000 0 eng d
037 _aDissertations
040 _aFEDL
_beng
_cFEDL
041 _aeng
_2eng
084 _a375.42, YAD/DI
_qFEDL
100 _aYadav Ruchika
_9781076
245 0 _aLearning from comparison: Analysis of senior secondary english curriculn from different organisational set ups
260 _c2015
300 _a164p.
546 _aM.Ed. Dissertation, (Delhi University)
942 _cDIS
_h375.42, YAD/DI
999 _c1395616
_d1395616